Los versos más populares de Pablo Neruda
সংরক্ষণ করুন:
| প্রধান লেখক: | |
|---|---|
| বিন্যাস: | গ্রন্থ |
| ভাষা: | স্প্যানিশ |
| প্রকাশিত: |
Santiago
Austral
1954
|
| সংস্করন: | 1a. ed |
| বিষয়গুলি: | |
| ট্যাগগুলো: |
ট্যাগ যুক্ত করুন
কোনো ট্যাগ নেই, প্রথমজন হিসাবে ট্যাগ করুন!
|
MARC
| LEADER | 00000cam a2200000 a 4500 | ||
|---|---|---|---|
| 001 | UCE8623 | ||
| 003 | CL-VaPUC | ||
| 005 | 20250416120902.0 | ||
| 008 | 150820e19540000cl |||||||||||||||||spa|d | ||
| 999 | |c 360419 |d 360417 | ||
| 040 | |c Pontificia Universidad Católica de Valparaíso | ||
| 082 | 0 | 4 | |a 861.4 |b NER |2 21 |
| 100 | |a Neruda, Pablo |e autor |9 306531 | ||
| 245 | 1 | 4 | |a Los versos más populares de Pablo Neruda |
| 250 | |a 1a. ed | ||
| 260 | |a Santiago |b Austral |c 1954 | ||
| 300 | |a 48 p | ||
| 583 | |a last modification |c 20150820 22:36:00 |k Rodrigo Vera | ||
| 650 | 0 | |a Poesías chilenas |9 265280 | |
| 942 | |c BK |2 ddc | ||
| 945 | |d 20150820 22:36:00 |a gsalatino | ||
| 952 | |0 0 |1 0 |3 erb |4 0 |6 861_400000000000000_NER_1954 |7 0 |8 X |9 470237 |a FDOBUD |b FDOBUD |e Rojas Zúñiga, Herman, -2014 |i 5169623 |o 861.4 NER 1954 |p 5169623 |r 2019-11-23 |w 2019-11-23 |y BK_X |z Catalogado en:20150820 |k BUD | ||